LEADER 03500nam0 2200577 i 450 001 IEI0068229 005 20251003044157.0 020 $aIT$b1952 6169 090 $a576831 100 $a19930310d1952 ||||0itac50 ba 101 | $aita 102 $ait 181 1$6z01$ai $bxxxe 182 1$6z01$an 200 1 $aˆLo ‰sviluppo dell'economia italiana nel quadro della ricostruzione e della cooperazione europea$f[a cura della segreteria generale del CIR] 210 $aRoma$cIstituto poligrafico dello Stato$d1952 215 $a413 p., [36] p. di tav.$cill.$d25 cm. 606 $aITALIA$xEconomia$x1945-1952$2FIR$3NAPC065812$9I 606 $aItalia$xEconomia$x1945-1951$2FIR$3PUVC116294$9I 676 $a330.0945$9ECONOMIA. Italia$v23 676 $a330.945$9SITUAZIONI E CONDIZIONI ECONOMICHE. ITALIA$v19 676 $a330.945$9SITUAZIONI E CONDIZIONI ECONOMICHE. Italia$v20 676 $a330.945$9SITUAZIONI E CONDIZIONI ECONOMICHE. ITALIA$v21 676 $a330.945092$9SITUAZIONI E CONDIZIONI ECONOMICHE. ITALIA. REPUBBLICA, 1946-$v19 676 $a330.945092$9SITUAZIONI E CONDIZIONI ECONOMICHE. ITALIA. 1946-$v21 676 $a330.945092$9SITUAZIONI E CONDIZIONI ECONOMICHE. Italia. Periodo della repubblica, 1946-$v22 676 $a338.9173045$9ASSISTENZA ECONOMICA INTERNAZIONALE degli Stati Uniti all'Italia$v23 686 $aIT/3422.6$cPOLITICA ECONOMICA ITALIA 1945-1968$2R 686 $aIT/3430.2$cRICOSTRUZIONE ITALIA 1945-1968$2R 686 $aSe.i.13.4$cStoria dell'economia italiana. 1948-1962. L'integrazione economica europea e il MEC$2F 696 $aEconomia reale$aAttività economiche$aAspetti economici 696 $aEconomia reale$aAttività economiche$aAspetti economici 699 $aEconomia$yEconomia reale 699 $aEconomia$zAttività economiche 699 $aEconomia$zAspetti economici 699 $aEconomia$yEconomia reale 699 $aEconomia$zAttività economiche 699 $aEconomia$zAspetti economici 712 01$aComitato interministeriale per la ricostruzione$b : Segreteria generale$3IEIV034378 801 3$aIT$bIT-000000$c19930310 850 $aIT-BN0095 $aIT-NA0243 $aIT-AV0007 $aIT-AV0004 $aIT-NA0660 901 $bNAP DV$cS. MODERNA$n$ 901 $bNAP 67$cSALA F $nComprende monografie di vario argomento 901 $bNAP 01$cPOZZO LIB.$nVi sono collocati fondi di economia, periodici di ingegneria e scienze, periodici di economia e statistica e altri fondi comprendenti documenti di economia pervenuti in dono. 901 $bNAP PC$cMISC. $nRaccoglie documenti di vari argomenti non ascrivibili alle sezioni già esistenti 912 $aIEI0068229 950 0$aBiblioteca Centralizzata di Ateneo$b1 v.$c1 v.$d 01POZZO LIB.ECON MON 9603$e 0101 0000091065E VMA 1 v. (precedente collocazione: GUERRAZZI C 96)$fB $h20071112$i20071112$c1 v.$d 01POZZO LIB.F. SANTI 550$e 0101 0060036475E VMA 1 v. (Precedente collocazione S 519)$fB $h20221114$i20221114 950 0$aCentro Librario e Bibliotecario per la Diffusione della cultura$c1 v.$d 67SALA F ECO 8$e 67 0000408415 VMF 1 v.$fC $h20210914$i20210914 977 $a 01$a 67$a AV$a DV$a PC 996 $aSviluppo dell'economia italiana nel quadro della ricostruzione e della cooperazione europea$9494230 997 $aUNISANNIO